LEADER 04611oam 2200673zu 450 001 9910163966003321 005 20250704121042.0 035 $a(CKB)3240000000093929 035 $a(SSID)ssj0000809076 035 $a(PQKBManifestationID)12342073 035 $a(PQKBTitleCode)TC0000809076 035 $a(PQKBWorkID)10811739 035 $a(PQKB)10748413 035 $a(MiAaPQ)EBC3227188 035 $a(MiAaPQ)EBC6326454 035 $a(Au-PeEL)EBL6326454 035 $a(OCoLC)888266195 035 $a(NyNyDIG)DIGIBE0004 035 $a(EXLCZ)993240000000093929 100 $a20160829d2012 uy 101 0 $aspa 135 $aurcnu|||||||| 181 $ctxt 182 $cc 183 $acr 200 10$aJerusalén y Toledo : historia de dos ciudades 205 $a1st ed. 210 31$a[Place of publication not identified]$cIberoamericana$d2012 215 $a1 online resource (281 pages) 225 1 $aFuera de Colección Series 300 $aBibliographic Level Mode of Issuance: Monograph 311 08$a84-8489-653-6 327 $aTapa Delantera -- La mitad-Ti?tulo de la pa?gina -- Ti?tulo de la pa?gina -- Copyright pa?gina -- I?ndice -- Pro?logo -- ¿Por que? el Zohar fue escrito en arameo? Sobre la ecologi?a del a?mbito lingu?i?stico judi?o castellano en el siglo XIII -- El poeta canta en dos lenguas: la jarcha y su muwassah -- Toledo y Jerusale?n: hitos, mitos y utopi?as -- La imagen del otro (el judi?o, el musulma?n) en la Historia de los Templos de Espan?a de Be?cquer -- La materia hebrea en Cubillo de Arago?n -- Cervantes regresa a Toledo: algunas reflexiones sobre el capi?tulo I, 9 del Quijote, traducido por un morisco aljamiado -- «Todas estas piedras, toda esta tristeza»: Jerusale?n en la poesi?a de Yehuda Amijai -- Percepciones de lo judi?o entre los disidentes espan?oles del siglo XVI -- Algunas calas en la lengua del Romancero sefardi? -- Fortuna ibero-medieval de un epigrama a?rabe -- De la geografi?a literaria a la geografi?a histo?rica (siglos XV-XVI) -- Los judi?os en Toledo durante la Edad Media: luces y sombras de una convivencia -- E?xodo, 15: redencio?n de la esclavitud -- La importancia del medio toledano en la literatura del Siglo de Oro (El ine?dito Teatro pastoril de Luis Hurtado de Toledo) -- Toledo en la narrativa del 98 y del Regeneracionismo: Camino de perfeccio?n (1902) de Pi?o Baroja y Toledo: Piedad (1920) de Fe?lix Urabayen -- Elementos para una historia lingu?i?stica de los judi?os de Toledo en la Baja Edad Media -- De Toledo a Safed: el le?xico hispano del S ulha?n Arux y la identidad sefardi? en los textos hebreos de los expulsados -- La imagen de Jerusale?n en la pintura espan?ola del siglo XVI. Una reflexio?n sobre la iconografi?a de la Ciudad Santa -- Detra?s Tapa. 330 $aEste libro es una importante contribucio?n al dia?logo intercultural que configura el cu?mulo de historias que unen a ambas ciudades, emblema?ticas para las tradiciones cristiana y judi?a. Se trata de volver a leer y narrar ese dia?logo y esas historias, expresio?n de todo lo que han compartido estas ciudades en su pasado, pero tambie?n de lo mucho que tienen por compartir en su presente y en su futuro. Historias de dos ciudades que se miran al espejo y vuelven a reconocerse. Las contribuciones aqui? reunidas conforman una pieza polifo?nica que aborda diversos aspectos lingu?i?sticos, histo?ricos, filolo?gicos o arti?sticos, entre otros. 410 0$aFuera de Colección Series 606 $aJews$zSpain$zToledo$xHistory$vCongresses 606 $aSpanish literature$xHistory and criticism$vCongresses 606 $aJudaism in literature$vCongresses 606 $aLanguages & Literatures$2HILCC 606 $aLiterature - General$2HILCC 607 $aToledo (Spain)$xIn literature$vCongresses 607 $aJerusalem$xIn literature$vCongresses 615 0$aJews$xHistory 615 0$aSpanish literature$xHistory and criticism 615 0$aJudaism in literature 615 7$aLanguages & Literatures 615 7$aLiterature - General 700 $aCasado Velarde$b Manuel$0481416 702 $aCasado Velarde$b Manuel 702 $aFine$b Ruth 702 $aMata Indurâain$b Carlos 712 02$aGRISO (Research group), 712 02$aUniversiòtah ha °Ivrit bi Yerushalayim 712 12$aCongreso Internacional "Jerusalâen y Toledo. Historias de Dos Ciudades" 801 0$bPQKB 906 $aBOOK 912 $a9910163966003321 996 $aJerusalén y Toledo : historia de dos ciudades$91906107 997 $aUNINA